الفن، النور : اللوحات في مصر ملتقى الشرق والغرب

محفوظ في:

المؤلف الرئيسي: ويج، رينيه.

التنسيق: كتاب

اللغة: Undetermined

منشور في: Cairo : National Bank of Egypt, 1965.

الوسوم: إضافة وسم

لا توجد وسوم, كن أول من يضع وسما على هذه التسجيلة!

رقم الطلب: N66 .H9412

LEADER 00473nam a2200133Ia 4500
008 240329s9999||||xx |||||||||||||| ||und||
050 4 |a N66 .H9412 
100 1 |a ويج، رينيه. 
245 1 0 |a الفن، النور : اللوحات في مصر ملتقى الشرق والغرب   |c ويج، رينيه 
264 1 |a Cairo :  |b National Bank of Egypt,  |c 1965. 
300 |a 93  |c 24 CM 
500 |a Arab Union Catalog  
942 |2 lcc  |c BK, بدوي، عبد الرحمن،. 
999 |c 57715  |d 57715